Изучение амальгамно-полярографического поведения некоторых элементов в смешанных растворителях, используемых в качестве разбавителей нефтей; Известия Томского политехнического института [Известия ТПИ]; Т. 258 : Сборник статей аспирантов ХТФ

Dettagli Bibliografici
Parent link:Известия Томского политехнического института [Известия ТПИ]/ Томский политехнический институт (ТПИ).— , 1944-1976
Т. 258 : Сборник статей аспирантов ХТФ.— 1976.— [С. 28-32]
Altri autori: Карбаинов Ю. А. Юрий Александрович, Смородинов В. С., Карбаинова С. Н. Светлана Никитична, Сутягина Г. Н.
Riassunto:Заглавие с титульного листа
Электронная версия печатной публикации
Рассматриваются вопросы, связанные с возможностью применения водно-этанольных смесей, неводных смесей: бензол-спирт, хлороформ-спирт, четыреххлористый углерод-спирт в качестве разбавителей нефтей при амальгамно-полярографическом определении сурьмы, свинца и кадмия. Показано, что чувствительность определения сурьмы, свинца и кадмия по мере увеличения доли спирта в смеси в интервале 40-80% увеличивается, что находится в полном соответствии с данными по определению вязкости этих смесей и коэффициентов диффузии указанных ионов, найденных по уравнению Ильковича при t=22° C. Представлены данные по вязкости и электропроводности неводных смешанных растворителей: бензол-сиирт, хлороформ-спирт, четыреххлористый углерод-спирт при t=25°C и различном соотношении компонентов в смеси, но при постоянной концентрации электролита в ней, равной 0.1N NH4NO3. Чувствительность определения по мере увеличения доли спирта в смеси уменьшается.
Lingua:russo
Pubblicazione: 1976
Soggetti:
Accesso online:Черно-белая версия для предварительного просмотра
Цветная версия без потери качества
Natura: Elettronico Capitolo di libro
KOHA link:https://koha.lib.tpu.ru/cgi-bin/koha/opac-detail.pl?biblionumber=230575

MARC

LEADER 00000nla2a2200000 4500
001 230575
005 20231031202550.0
035 |a (RuTPU)RU\TPU\book\251472 
035 |a RU\TPU\book\251470 
090 |a 230575 
100 |a 20130123d1976 k y0rusy50 ca 
101 0 |a rus 
102 |a RU 
135 |a drnn ---uucaa 
181 0 |a i  
182 0 |a b 
200 1 |a Изучение амальгамно-полярографического поведения некоторых элементов в смешанных растворителях, используемых в качестве разбавителей нефтей  |b Электронный ресурс  |f Ю. А. Карбаинов [и др.] 
203 |a Текст  |c электронный 
215 |a 2 файла (213 Кб, 4.9 Мб) 
230 |a Электронные текстовые данные (2 файла : 213 Кб, 4.9 Мб) 
300 |a Заглавие с титульного листа 
300 |a Электронная версия печатной публикации 
320 |a [Библиогр.: с. 32 (3 назв.)] 
330 |a Рассматриваются вопросы, связанные с возможностью применения водно-этанольных смесей, неводных смесей: бензол-спирт, хлороформ-спирт, четыреххлористый углерод-спирт в качестве разбавителей нефтей при амальгамно-полярографическом определении сурьмы, свинца и кадмия. Показано, что чувствительность определения сурьмы, свинца и кадмия по мере увеличения доли спирта в смеси в интервале 40-80% увеличивается, что находится в полном соответствии с данными по определению вязкости этих смесей и коэффициентов диффузии указанных ионов, найденных по уравнению Ильковича при t=22° C. Представлены данные по вязкости и электропроводности неводных смешанных растворителей: бензол-сиирт, хлороформ-спирт, четыреххлористый углерод-спирт при t=25°C и различном соотношении компонентов в смеси, но при постоянной концентрации электролита в ней, равной 0.1N NH4NO3. Чувствительность определения по мере увеличения доли спирта в смеси уменьшается. 
337 |a Adobe Reader 
461 1 |0 (RuTPU)RU\TPU\book\200995  |t Известия Томского политехнического института [Известия ТПИ]  |f Томский политехнический институт (ТПИ)  |d 1944-1976 
463 1 |0 (RuTPU)RU\TPU\book\251366  |t Т. 258 : Сборник статей аспирантов ХТФ  |v [С. 28-32]  |d 1976  |p 104 с. 
610 1 |a электронный ресурс 
610 1 |a труды учёных ТПУ 
701 1 |a Карбаинов  |b Ю. А.  |c российский электрохимик и электроаналитик  |c профессор Томского политехнического университета  |f 1940-2007  |g Юрий Александрович  |2 stltpush  |3 (RuTPU)RU\TPU\pers\15852 
701 1 |a Смородинов  |b В. С. 
701 1 |a Карбаинова  |b С. Н.  |c химик  |c доцент Томского политехнического университета  |g Светлана Никитична  |2 stltpush  |3 (RuTPU)RU\TPU\pers\27754 
701 1 |a Сутягина  |b Г. Н. 
801 1 |a RU  |b 63413507  |c 20090320  |g PSBO 
801 2 |a RU  |b 63413507  |c 20150728  |g PSBO 
856 4 |u http://www.lib.tpu.ru/fulltext/v/Bulletin_TPU/1976/v258/07_bw.pdf  |z Черно-белая версия для предварительного просмотра 
856 4 |u http://www.lib.tpu.ru/fulltext/v/Bulletin_TPU/1976/v258/07_full.pdf  |z Цветная версия без потери качества 
942 |c CF